| 000 | 00429nam a2200109Ia 4500 | ||
|---|---|---|---|
| 008 | 170221s9999 xx 000 0 und d | ||
| 100 | _aMichael Simon | ||
| 245 | _aReconciling the Municipal Pension Problem with Chapter 9's Automatic Stay: A Case Note on In Re City of San Bernardino | ||
| 245 | _cMichael Simon | ||
| 650 | _xBusiness | ||
| 856 | _uhttp://digitalcommons.pepperdine.edu/cgi/viewcontent.cgi?article=1102&context=jbel | ||
| 999 |
_c307794 _d307794 |
||